| 000 | 00791nam a22002295a 4500 | ||
|---|---|---|---|
| 003 | OSt | ||
| 005 | 20161031145820.0 | ||
| 008 | 161031s2004 ua frb 000 0 ara d | ||
| 015 | _a2004/19880 | ||
| 020 | _a462604977 | ||
| 040 |
_aEG-ScBUE _bara _cEG-ScBUE |
||
| 082 | 0 | 4 |
_a320.557 _bأ ب و _222 |
| 100 | 1 | _aأبو عيطة، السيد. | |
| 245 | 1 | 2 |
_aالحركة العالمية للجماعات الإسلامية : _bدراسة نقدية / _cالسيد أبو عيطة. |
| 260 |
_aالقاهرة : _bدار النهضة العربية، _c2004. |
||
| 300 |
_a72 ص. ؛ _c24 سم. |
||
| 504 | _aيشتمل على إرجاعات ببليوجرافية. | ||
| 650 | 0 |
_aالحركات الإسلامية. _2BUEsh |
|
| 651 | _2BUEsh | ||
| 653 |
_bLLAAWW _cOctober2016 |
||
| 942 | _2ddc | ||
| 999 |
_c22949 _d22921 |
||